European National Poetry, Islam and the Defeat of the Medieval Church
| Titel: | European National Poetry, Islam and the Defeat of the Medieval Church |
|---|---|
| Verfasser: | |
| In: |
Nations and nationalism, Band 18, Heft 4 (2012), Seite 603-623 alle Artikel anzeigen |
| Veröffentlicht: | 2012 |
| Format: | Aufsatz |
| Sprache: | Englisch |
X
alg: 39282450 001A $01999:11-11-16 001B $01999:10-07-24 $t22:32:32.000 001C $06050:19-11-16 $t15:06:49.000 001D $01999:11-11-16 001U $0utf8 001X $00 002@ $0Oox 003@ $0392824507 007A $0392824507 $aHEB 007T $0Herdc0108718m 009Q $uhttp://onlinelibrary.wiley.com/doi/10.1111/j.1469-8129.2012.00549.x $xVolltext 010@ $aeng 011@ $a2012 021A $aEuropean National Poetry, Islam and the Defeat of the Medieval Church 028A $aAberbach $dDavid 031A $d18 $e4 $h603-623 $j2012 039B $aIn $8--Obvc--. Nations and nationalism. - Oxford : Wiley-Blackwell, 1995-. - Online-Ressource. - ISSN 1469-8129. - DOI 10.1111/(ISSN)1469-8129 $x201200000180004397 $9084522844 045F $a306.09438 $eDDC23BSB 045F/01 $a306.09 045F/03 $g438 lok: 39282450 78 exp: 39282450 78 1 #EPN 201B/01 $014-11-17 $t23:19:24.000 201U/01 $0utf8 203@/01 $0788934724 208@/01 $a11-11-16 $be 209A/01 $a/ $f000 $x00 220C/01 $aTitelaufnehmer: pg 220C/01 $aHerkunft: HI Marburg 244Z/01 $2Trx $#Poola $#Lenkija $#Polija $#Polen Land $#Poland $#Lengyelország $#Poľsko $#Polsko $8--Trx--Polska$gkraj $x01 $9391345966 244Z/01 $aGeschichte 1000-1900 $x02 244Z/01 $#Mickiewicz, Adam $#Mickiewicz, Adam Bernard $#Mickiewicz, Adam Napoleon $#Mickiewicz, A. Napoleon $#Mickiewicz, A. N. $#Mizkiewitsch, Adam $#Mickiewitz, Adam $#Mickiewicz, Adam Bernhard $#Mickevičius, Adam $#Mickevič, Adam $#Mit͡skevich, Adam $#Mi-tzʿŭ-kʿai-wei-chih $#Mitski͡evych, Adam $#Mitsḳievits, Adam $#Mickevičius, Adomas $#Mickewicz, Adam $#Mickjevič, Adam $#Mitsḳevits', Adam $#Mit͡skevych, Adam $#Mickus $#Mickevyc, Adam $#Mickiewicz, Adamo $#Mickevičius, A. $#Mickiewicz, A. $#Mickiewicz, Ad. $#Mizkiewcz $#Mickevyč, Adam $#Mickievicz, Adam $#מיצקביץ, אדם $#מיצקעוויטש, אדאם $711873377X $8--Tp1--Mickiewicz, Adam$Z1798-1855 $x03 $9087074516 244Z/01 $2Trx $#islam $#islamas $#Islam $#iszlám $#islam $#islam $#islám $8--Trx--Islam $x04 $9391364146 244Z/01 $2Trx $#kirjandus üldine $#literatūra bendras $#literature general $#irodalom, általános $#literatura ogólnie $#literatúra všeobecne $#literatura všeobecně $#życie literackie $8--Trx--Literatur$gallgemein $x05 $9391365320 244Z/01 $2Trx $#identiteedid, rahvuslikud $#tautinė tapatybė $#national identity $#identitás, nemzeti $#świadomość narodowa $#totožnosť národná $#identita národní $#Nationalbewußtsein $#tożsamość narodowa $#uvedomenie národné $#uvědomění národní $8--Trx--Identität, nationale $x06 $9391365169 244Z/01 $2Trx $8--Trx--Zeitschriftenaufsatz $x07 $9391384341 244Z/01 $2Trx $8--Trx--elektronische Ressource $x08 $939138452X 245Z/01 $a11.01 $x01 247C/01 $82080>Marburg/Lahn, Herder-Institut, Forschungsbibliothek, Bibliographieportal $9336309341
| LEADER | 00000caa a22000002c 4500 | ||
|---|---|---|---|
| 001 | 392824507 | ||
| 003 | DE-603 | ||
| 005 | 20240710223232.0 | ||
| 007 | cr|||||||||||| | ||
| 008 | 161111s2012 xx |||| o| u00||u|eng c | ||
| 035 | |a (DE-599)HEB392824507 | ||
| 040 | |a DE-603 |b ger |c DE-603 |d DE-603 | ||
| 041 | |a eng | ||
| 082 | 0 | 4 | |8 1\u |a 306.09438 |q DE-101 |2 23/BSB |
| 085 | |8 1\u |b 306.09 | ||
| 085 | |8 1\u |z 2 |s 438 | ||
| 100 | 1 | |a Aberbach, David | |
| 245 | 0 | 0 | |a European National Poetry, Islam and the Defeat of the Medieval Church |
| 264 | 0 | |c 2012 | |
| 773 | 0 | 8 | |i In |t Nations and nationalism |d Oxford : Wiley-Blackwell, 1995- |h Online-Ressource |o 10.1111/(ISSN)1469-8129 |x 1469-8129 |g Band 18, Heft 4 (2012), Seite 603-623 |w (DE-603)084522844 |w (DE-600)1500007-2 |
| 856 | |u http://onlinelibrary.wiley.com/doi/10.1111/j.1469-8129.2012.00549.x | ||
| 924 | 1 | |9 2080 |a (DE-603)788934724 |b DE-2080 |c HES |d d |g / | |


